Primer Congreso de Historia del País Valenciano, celebrado en Valencia del 14 al 18 de abril de 1971. (Record no. 46598)

MARC details
000 -LEADER
campo de control de longitud fija 00876nam a2200229 i 4500
001 - NÚMERO DE CONTROL
campo de control 46598
003 - IDENTIFICADOR DE NÚMERO DE CONTROL
campo de control ES-MaACL
005 - FECHA Y HORA DE LA ÚLTIMA TRANSACCIÓN
campo de control 20251221155352.0
007 - CAMPO FIJO DE DESCRIPCIÓN FÍSICA--INFORMACIÓN GENERAL
campo de control de longitud fija t|
008 - DATOS DE LONGITUD FIJA--INFORMACIÓN GENERAL
campo de control de longitud fija 030331s1973 sp ||||1| spa d
020 ## - NÚMERO INTERNACIONAL ESTÁNDAR DEL LIBRO
Número Internacional Estándar del Libro 84-600-5660-0
080 ## - NÚMERO DE LA CLASIFICACIÓN DECIMAL UNIVERSAL
Número de la Clasificación Decimal Universal 94(460.31)(063)
111 0# - ENTRADA PRINCIPAL--NOMBRE DE CONGRESO/REUNIÓN
Nombre de congreso/reunión o jurisdicción como elemento de entrada Congreso de Historia del País Valenciano
Número del congreso/reunión o número de parte o sección (1º.
Fecha del congreso o de la firma del tratado 1971.
Sede del congreso/Lugar de la reunión Valencia)
9 (RLIN) 308
245 10 - MENCIÓN DEL TÍTULO
Título Primer Congreso de Historia del País Valenciano, celebrado en Valencia del 14 al 18 de abril de 1971.
260 ## - PUBLICACIÓN, DISTRIBUCIÓN, ETC.
Lugar de publicación, distribución, etc. Valencia :
Nombre del editor, distribuidor, etc. Universidad,
Fecha de publicación, distribución, etc. 1973.
300 ## - DESCRIPCIÓN FÍSICA
Extensión 3 v. :
Otras características físicas il. ;
Dimensiones 24 cm.
505 8# - NOTA DE CONTENIDO CON FORMATO
Nota de contenido con formato Contiene: I. Crónica del congreso. Conferencias sobre fuentes. III. Edad Moderna. IV. Edad contemporánea
651 #4 - PUNTO DE ACCESO ADICIONAL DE MATERIA--NOMBRE GEOGRÁFICO
Nombre geográfico Comunidad Valenciana-
Subdivisión general Historia-
Subdivisión de forma Congresos y asambleas.
9 (RLIN) 9499
710 2# - ENTRADA AGREGADA--NOMBRE DE ENTIDAD CORPORATIVA
Nombre de entidad corporativa o nombre de jurisdicción como elemento de entrada Universidad de Valencia.
9 (RLIN) 7314
852 ## - LOCALIZACIÓN
Ubicación ES-MaACL
Número de control de estantería P-1562
Sublocalización o colección R.86706
Holdings
Estatus retirado Estado de pérdida Estado de daño No para préstamo Biblioteca de origen Biblioteca actual Ubicación en estantería Fecha de adquisición Fuente de adquisición Total de préstamos Signatura topográfica completa Código de barras Visto por última vez Precio de reemplazo Tipo de ítem Koha
        Biblioteca del Ateneo de Madrid Biblioteca del Ateneo de Madrid Depósito 2 17/01/2008     P-1562 1049007 23/02/2023 23/02/2023 Libro impreso